[Event "SUI-ch U14"]
[Site "Naefels"]
[Date "2024.05.17"]
[Round "1"]
[White "Ingielewicz, Tomasz"]
[Black "Udipi, Kala Kishan"]
[Result "0-1"]
[WhiteElo "1853"]
[BlackElo "1986"]
[PlyCount "72"]
[EventDate "2024.05.17"]
[EventType "swiss"]
[EventRounds "7"]
[EventCountry "SUI"]
[SourceTitle "EXT 2025"]
[Source "ChessBase"]
[SourceDate "2024.10.14"]
[SourceVersion "1"]
[SourceVersionDate "2024.10.14"]
[SourceQuality "1"]

1. d4 d5 2. c4 e6 3. Nc3 Be7 4. cxd5 exd5 5. Qc2 g6 6. Bf4 c6 7. e3 Bf5 8. Bd3 Bxd3 9. Qxd3 Nf6 10. Nge2 0-0 11. 0-0 Re8 12. f3 Nbd7 13. e4 Nf8 14. e5 N6d7 15. Be3 f6 16. f4 fxe5 17. fxe5 Ne6 18. Nf4 Nxf4 19. Bxf4 Bf8 20. Qf3 Bg7 21. Rad1 Nf8 22. Bg3 Qd7 23. Qe3 Ne6 24. Ne2 Rac8 25. Nf4 Nxf4 26. Bxf4 Qe6 27. Bh6 Bh8 28. Rf3 c5 29. Rdf1 cxd4 30. Qf2 Bg7 31. Bxg7 Kxg7 32. Rf7+ Kg8 33. Rxb7 Rf8 34. Qe2 Rxf1+ 35. Qxf1 Rf8 36. Qe2 Qc6 0-1

[Event "Wohlen op 4th"]
[Site "Wohlen"]
[Date "2023.08.26"]
[Round "3"]
[White "Ingielewicz, Tomasz"]
[Black "Boschetti, Claudio"]
[Result "0-1"]
[WhiteElo "1721"]
[BlackElo "2016"]
[PlyCount "58"]
[EventDate "2023.08.25"]
[EventType "swiss"]
[EventRounds "5"]
[EventCountry "SUI"]
[SourceTitle "CBM 216 Extra"]
[Source "ChessBase"]
[SourceDate "2023.11.30"]
[SourceVersion "1"]
[SourceVersionDate "2023.11.30"]
[SourceQuality "1"]

1. d4 Nf6 2. c4 e5 3. dxe5 Ng4 4. e3 d6 5. Nc3 Nxe5 6. b3 h5 7. Bb2 h4 8. h3 c6 9. Nf3 Nbd7 10. Ne4 Rh6 11. Qd2 Nxf3+ 12. gxf3 Ne5 13. Be2 f5 14. Nc5 g5 15. e4 f4 16. 0-0-0 Bd7 17. Na4 Qc8 18. Rdg1 Be7 19. c5 Nf7 20. cxd6 Rxd6 21. Qc3 b6 22. Qg7 Be6 23. e5 Bf8 24. Qh7 Bf5 25. Qg8 Rg6 26. Qh7 Rh6 27. Qg8 Bh7 28. Qxf7+ Kxf7 29. e6+ Ke8 0-1

[Event "Schaffhausen op"]
[Site "Schaffhausen"]
[Date "2023.03.11"]
[Round "2"]
[White "Guba, Viktor"]
[Black "Ingielewicz, Tomasz"]
[Result "1-0"]
[WhiteElo "1872"]
[BlackElo "1659"]
[PlyCount "49"]
[EventDate "2023.03.10"]
[EventType "swiss"]
[EventRounds "5"]
[EventCountry "SUI"]
[SourceTitle "EXT 2024"]
[Source "ChessBase"]
[SourceDate "2023.10.10"]
[SourceVersion "1"]
[SourceVersionDate "2023.10.10"]
[SourceQuality "1"]

1. e4 c5 2. Nf3 e6 3. d4 cxd4 4. Nxd4 a6 5. Nc3 Qc7 6. Be3 Nf6 7. a3 b5 8. Bd3 b4 9. axb4 Bxb4 10. Bd2 Bb7 11. Qe2 0-0 12. 0-0 d6 13. Ncb5 Qc5 14. Nb3 Qb6 15. Bxb4 axb5 16. Rxa8 Bxa8 17. e5 dxe5 18. Bxf8 Kxf8 19. Qxe5 Nbd7 20. Qxb5 Qc7 21. Ra1 Bc6 22. Qc4 Qd6 23. Ra6 Nb8 24. Rb6 Nd5 25. Rxb8+ 1-0

[Event "Adelboden op 8th"]
[Site "Adelboden"]
[Date "2022.12.09"]
[Round "1"]
[White "Boudkeev, Timour"]
[Black "Ingielewicz, Tomasz"]
[Result "0-1"]
[WhiteElo "1771"]
[BlackElo "1561"]
[PlyCount "30"]
[EventDate "2022.12.09"]
[EventType "swiss"]
[EventRounds "5"]
[EventCountry "SUI"]
[SourceTitle "CBM 211 Extra"]
[Source "ChessBase"]
[SourceDate "2023.01.31"]
[SourceVersion "1"]
[SourceVersionDate "2023.01.31"]
[SourceQuality "1"]

1. d4 d5 2. c4 e6 3. Nc3 Nf6 4. Nf3 Be7 5. e3 0-0 6. Be2 Nbd7 7. 0-0 Re8 8. c5 c6 9. Ne5 Nxe5 10. dxe5 Nd7 11. f4 Bxc5 12. Qc2 Be7 13. Bd3 h6 14. e4 Nc5 15. Be3 d4 0-1

[Event "Adelboden op 8th"]
[Site "Adelboden"]
[Date "2021.12.10"]
[Round "1"]
[White "Delmonico, Nils"]
[Black "Ingielewicz, Tomasz"]
[Result "1-0"]
[WhiteElo "1954"]
[BlackElo "1534"]
[PlyCount "59"]
[EventDate "2021.12.10"]
[EventType "swiss"]
[EventRounds "5"]
[EventCountry "SUI"]
[SourceTitle "CBM 205 Extra"]
[Source "ChessBase"]
[SourceDate "2022.01.31"]
[SourceVersion "1"]
[SourceVersionDate "2022.01.31"]
[SourceQuality "1"]

1. d4 d5 2. Nf3 Nf6 3. c4 c6 4. e3 Bg4 5. Qb3 Qc7 6. cxd5 cxd5 7. Nc3 e6 8. Ne5 Bf5 9. Bd2 a6 10. Rc1 Nc6 11. Nxc6 bxc6 12. Na4 Be7 13. f3 0-0 14. Qc3 Rfc8 15. Qa5 Qxa5 16. Bxa5 Nd7 17. b4 f6 18. Be2 e5 19. Kf2 Bd6 20. g3 g5 21. Rc3 Bc7 22. Bxc7 Rxc7 23. Rhc1 Nb8 24. a3 Kf7 25. Rc5 e4 26. Rxd5 exf3 27. Rxf5 fxe2 28. Kxe2 Nd7 29. Nc5 Nb6 30. Ne4 1-0

[Event "Wil Acrevis op 1st"]
[Site "Wil"]
[Date "2020.06.19"]
[Round "1"]
[White "Mattenberger, Matthias"]
[Black "Ingielewicz, Tomasz"]
[Result "1-0"]
[WhiteElo "1829"]
[BlackElo "1385"]
[PlyCount "53"]
[EventDate "2020.06.19"]
[EventType "swiss"]
[EventRounds "5"]
[EventCountry "SUI"]
[SourceTitle "CBM 197 Extra"]
[Source "ChessBase"]
[SourceDate "2020.09.30"]
[SourceVersion "1"]
[SourceVersionDate "2020.09.30"]
[SourceQuality "1"]

1. d4 d5 2. c4 e6 3. Nc3 Nf6 4. cxd5 exd5 5. Bg5 Be7 6. e3 Nbd7 7. Bd3 c6 8. Nge2 0-0 9. 0-0 Qc7 10. Rc1 Ng4 11. Bf4 Bd6 12. Nb5 Qb6 13. Nxd6 Qxb2 14. Nxc8 Raxc8 15. Ng3 Ngf6 16. Nf5 Rfe8 17. Nd6 Qxa2 18. Nxc8 Rxc8 19. Ra1 Qb2 20. Rb1 Qa3 21. Rxb7 Nb6 22. Bf5 Re8 23. Qa1 Qf8 24. Qxa7 Nc4 25. Rfb1 Ra8 26. Qxa8 Nh5 27. Rb8 1-0